The Ultimate USA Quiz - Statistics

General Stats
  • This quiz has been taken 53 times
  • The average score is 192 of 404
Answer Stats
Groups Hint Answer % Correct
Presidents 1829-1837, Democratic Andrew Jackson
86%
State Capitals Mississippi Jackson
86%
50 States New York
86%
50 Largest Cities 8,550,405 New York City
86%
50 Largest Cities 1,563,025 Phoenix
86%
State Capitals Arizona Phoenix
86%
50 Largest Cities 490,712 Sacramento
86%
State Capitals California Sacramento
86%
50 States Arizona
83%
50 States California
83%
50 States Colorado
83%
50 Largest Cities 1,300,092 Dallas
83%
50 Largest Cities 682,545 Denver
83%
State Capitals Colorado Denver
83%
Presidents 1789-1797, Unaffiliated George Washington
83%
50 Largest Cities 672,228 Washington DC
83%
50 States Alabama
80%
50 States Alaska
80%
50 States Arkansas
80%
50 Largest Cities 2,720,546 Chicago
80%
50 Largest Cities 2,296,224 Houston
80%
50 States Indiana
80%
50 Largest Cities 1,567,442 Philadelphia
80%
50 States Washington
80%
50 Largest Cities 931,830 Austin
77%
State Capitals Texas Austin
77%
50 Largest Cities 667,137 Boston
77%
State Capitals Massachusetts Boston
77%
General Trivia Which city had the first subway line in 1897? Boston
77%
50 States Delaware
77%
50 States Hawaii
77%
State Capitals Hawaii Honolulu
77%
Presidents 2021-, Democratic Joe Biden
77%
50 Largest Cities 3,971,883 Los Angeles
77%
50 States Mississippi
77%
General Trivia Which river forms the easternmost boundary of Iowa? Mississippi
77%
50 States Montana
77%
50 States Nevada
77%
50 States New Mexico
77%
50 States Oklahoma
77%
50 States Oregon
77%
50 States Texas
77%
50 States Wyoming
77%
50 Largest Cities 463,878 Atlanta
74%
State Capitals Georgia Atlanta
74%
Presidents 2009–2017, Democratic Barack Obama
74%
General Trivia What animal is on the state flag of California? Bear
74%
50 States Connecticut
74%
Presidents 2017–2021, Republican Donald Trump
74%
50 States Florida
74%
50 States Georgia
74%
50 States Idaho
74%
50 States Illinois
74%
50 Largest Cities 853,173 Indianapolis
74%
State Capitals Indiana Indianapolis
74%
50 States Kansas
74%
50 States Kentucky
74%
50 States Louisiana
74%
50 States Maine
74%
50 States Maryland
74%
50 States Massachusetts
74%
50 Largest Cities 441,003 Miami
74%
50 States Minnesota
74%
50 States Missouri
74%
50 Largest Cities 654,610 Nashville
74%
State Capitals Tennessee Nashville
74%
50 States New Hampshire
74%
50 States New Jersey
74%
50 States North Carolina
74%
50 States North Dakota
74%
50 States Ohio
74%
50 Largest Cities 631,346 Oklahoma City
74%
State Capitals Oklahoma Oklahoma City
74%
50 States Pennsylvania
74%
50 States Rhode Island
74%
State Capitals Utah Salt Lake City
74%
50 States South Carolina
74%
50 States South Dakota
74%
50 States Tennessee
74%
Presidents 1801-1809, Democratic-Republican Thomas Jefferson
74%
50 States Utah
74%
50 States Vermont
74%
50 States Virginia
74%
50 States West Virginia
74%
50 States Wisconsin
74%
Presidents 1861-1865, Republican Abraham Lincoln
71%
Presidents 1989-1993, Republican George H. W. Bush
71%
Presidents 2001-2009, Republican George W. Bush
71%
50 States Iowa
71%
Presidents 1809-1817, Democratic-Republican James Madison
71%
State Capitals Alaska Juneau
71%
State Capitals Nebraska Lincoln
71%
State Capitals Wisconsin Madison
71%
50 States Nebraska
71%
50 Largest Cities 1,394,928 San Diego
71%
50 Largest Cities 864,816 San Francisco
71%
50 Largest Cities 684,451 Seattle
71%
State Capitals Florida Tallahassee
71%
State Capitals New York Albany
69%
Presidents 1993-2001, Democratic Bill Clinton
69%
State Capitals Idaho Boise
69%
State Capitals South Carolina Columbia
69%
50 Largest Cities 850,106 Columbus
69%
State Capitals Ohio Columbus
69%
50 Largest Cities 677,116 Detroit
69%
Presidents 1933-1945, Democratic Franklin. D Roosevelt
69%
Presidents 1885-1889, Democratic Grover Cleveland
69%
Presidents 1893-1897, Democratic Grover Cleveland
69%
50 States Michigan
69%
50 Largest Cities 632,309 Portland
69%
State Capitals New Mexico Santa Fe
69%
General Trivia First Olympics to be hosted in the US were in which city? St. Louis
69%
Presidents 1901-1909, Republican Theodore Roosevelt
69%
National Parks North Dakota Theodore Roosevelt
69%
National Parks Wyoming/Montana/Idaho Yellowstone
69%
Presidents 1865-1869, Democratic Andrew Johnson
66%
State Capitals West Virginia Charleston
66%
Presidents 1797-1801, Federalist John Adams
66%
Presidents 1825-1829, Democratic-Republican John Quincy Adams
66%
50 Largest Cities 475,378 Kansas City
66%
Presidents 1963-1969, Democratic Lyndon B. Johnson
66%
General Trivia Which military base did Japan bomb? Pearl Harbor
66%
50 Largest Cities 451,066 Raleigh
66%
State Capitals North Carolina Raleigh
66%
50 Largest Cities 1,469,845 San Antonio
66%
State Capitals Illinois Springfield
66%
Major Wars The US has been involved in or that took place on American soil Germany, Italy & Japan vs. France, Great Britain, USA, & the USSR World War II
66%
50 Largest Cities 621,849 Baltimore
63%
State Capitals Nevada Carson City
63%
50 Largest Cities 827,097 Charlotte
63%
50 Largest Cities 868,031 Jacksonville
63%
Presidents 1977-1981, Democratic Jimmy Carter
63%
Presidents 1961-1963, Democratic John F. Kennedy
63%
NFL Teams Las Vegas Raiders
63%
State Capitals Arkansas Little Rock
63%
50 Largest Cities 410,939 Minneapolis
63%
50 Largest Cities 389,617 New Orleans
63%
State Capitals Virginia Richmond
63%
State Capitals Minnesota St. Paul
63%
State Capitals Kansas Topeka
63%
Major Wars The US has been involved in or that took place on American soil Germany, Austria-Hungary, Turkey vs. France, Great Britain, Russia, Italy, Japan & the USA World War I
63%
State Capitals Maine Augusta
60%
State Capitals Louisiana Baton Rouge
60%
State Capitals Iowa Des Moines
60%
NFL Teams Green Bay Packers
60%
NFL Teams New England Patriots
60%
State Capitals Rhode Island Providence
60%
Presidents 1969-1974, Republican Richard Nixon
60%
Presidents 1981-1989, Republican Ronald Reagan
60%
State Capitals Oregon Salem
60%
State Capitals North Dakota Bismarck
57%
MLB Teams Cincinnati Reds
57%
State Capitals Delaware Dover
57%
State Capitals Connecticut Hartford
57%
NFL Teams Kansas City Chiefs
57%
50 Largest Cities 623,747 Las Vegas
57%
50 Largest Cities 655,770 Memphis
57%
State Capitals Alabama Montgomery
57%
NFL Teams New York Jets
57%
NFL Teams Philadelphia Eagles
57%
State Capitals South Dakota Pierre
57%
NFL Teams Pittsburgh Steelers
57%
Presidents 1869-1877, Republican Ulysses S. Grant
57%
NFL Teams Buffalo Bills
54%
NFL Teams Carolina Panthers
54%
State Capitals Wyoming Cheyenne
54%
NFL Teams Cleveland Browns
54%
NFL Teams Dallas Cowboys
54%
Presidents 1953-1961, Republican Dwight D. Eisenhower
54%
NHL Teams Florida Panthers
54%
50 Largest Cities 833,319 Fort Worth
54%
State Capitals Kentucky Frankfort
54%
State Capitals Montana Helena
54%
NFL Teams Jacksonville Jaguars
54%
State Capitals Missouri Jefferson City
54%
Major Wars The US has been involved in or that took place on American soil North vs. South Korea (the US got involved) Korean War
54%
State Capitals Michigan Lansing
54%
NFL Teams Miami Dolphins
54%
NFL Teams Minnesota Vikings
54%
NFL Teams New York Giants
54%
State Capitals Washington Olympia
54%
NFL Teams San Francisco 49ers
54%
MLB Teams San Francisco Giants
54%
NFL Teams Seattle Seahawks
54%
Major Wars The US has been involved in or that took place on American soil Vietnam, Laos, Cambodia (US got involved) Vietnam War
54%
NFL Teams Atlanta Falcons
51%
NFL Teams Baltimore Ravens
51%
MLB Teams Boston Red Sox
51%
NFL Teams Detroit Lions
51%
50 Largest Cities 681,124 El Paso
51%
Presidents 1974-1977, Republican Gerald Ford
51%
State Capitals Pennsylvania Harrisburg
51%
Presidents 1945-1953, Democratic Harry S. Truman
51%
NFL Teams Houston Texans
51%
NFL Teams Los Angeles Chargers
51%
MLB Teams New York Yankees
51%
50 Largest Cities 1,026,908 San Jose
51%
NFL Teams Tampa Bay Buccaneers
51%
State Capitals New Jersey Trenton
51%
State Capitals Maryland Annapolis
49%
NFL Teams Arizona Cardinals
49%
MLB Teams Chicago White Sox
49%
NFL Teams Cincinnati Bengals
49%
NFL Teams Indianapolis Colts
49%
Presidents 1881, Republican James Garfield
49%
Presidents 1817-1825, Democratic-Republican James Monroe
49%
NBA Teams Los Angeles Lakers
49%
NFL Teams Los Angeles Rams
49%
State Capitals Vermont Montpelier
49%
NFL Teams New Orleans Saints
49%
MLB Teams Oakland Athletics
49%
MLB Teams St. Louis Cardinals
49%
NFL Teams Tennessee Titans
49%
50 Largest Cities 559,121 Albuquerque
46%
NBA Teams Chicago Bulls
46%
NFL Teams Denver Broncos
46%
50 Largest Cities 615,366 Louisville
46%
50 Largest Cities 600,155 Milwaukee
46%
NFL Teams Washington Commanders
46%
Presidents 1913-1921, Democratic Woodrow Wilson
46%
National Parks California Yosemite
46%
NFL Teams Chicago Bears
43%
State Capitals New Hampshire Concord
43%
National Parks Alaska Denali
43%
National Parks Florida Everglades
43%
Presidents 1929-1933, Republican Herbert Hoover
43%
Presidents 1845-1849, Democratic James K. Polk
43%
Presidents 1837-1841, Democratic Martin Van Buren
43%
50 Largest Cities 419,267 Oakland
43%
50 Largest Cities 403,505 Tulsa
43%
NBA Teams Utah Jazz
43%
Presidents 1889-1893, Republican Benjamin Harrison
40%
NBA Teams Boston Celtics
40%
Presidents 1923-1929, Republican Calvin Coolidge
40%
NBA Teams Denver Nuggets
40%
Major Wars The US has been involved in or that took place on American soil US led coalition of 35 countries vs. Iraq Gulf War
40%
Presidents 1841-1845, Whig John Tyler
40%
NHL Teams Los Angeles Kings
40%
NBA Teams Miami Heat
40%
NBA Teams Sacramento Kings
40%
Major Wars The US has been involved in or that took place on American soil USA vs. Spain Spanish-American War
40%
General Trivia Who is the head of the executive branch of the U.S. Government? The President
40%
50 Largest Cities 531,641 Tucson
40%
50 Largest Cities 452,745 Virginia Beach
40%
Presidents 1841, Whig William Henry Harrison
40%
Presidents 1909-1913, Republican William Howard Taft
40%
Presidents 1897-1901, Republican William McKinley
40%
Presidents 1849-1850, Whig Zachary Taylor
40%
MLB Teams Baltimore Orioles
37%
MLB Teams Detroit Tigers
37%
50 Largest Cities 520,052 Fresno
37%
National Parks Arizona Grand Canyon
37%
Presidents 1857-1861, Democratic James Buchanan
37%
Presidents 1850-1853, Whig Millard Fillmore
37%
MLB Teams Minnesota Twins
37%
MLB Teams New York Mets
37%
50 Largest Cities 443,885 Omaha
37%
NBA Teams Orlando Magic
37%
MLB Teams Pittsburgh Pirates
37%
Major Wars The US has been involved in or that took place on American soil USA vs. Great Britain Revolutionary War
37%
National Parks Utah Zion
37%
NHL Teams Chicago Blackhawks
34%
MLB Teams Cleveland Guardians
34%
50 Largest Cities 456,568 Colorado Springs
34%
NBA Teams Dallas Mavericks
34%
Presidents 1853-1857, Democratic Franklin Pierce
34%
NBA Teams Golden State Warriors
34%
MLB Teams Houston Astros
34%
50 Largest Cities 474,140 Long Beach
34%
MLB Teams Los Angeles Dodgers
34%
50 Largest Cities 471,825 Mesa
34%
Major Wars The US has been involved in or that took place on American soil USA vs. Mexico Mexican-American War
34%
NBA Teams Minnesota Timberwolves
34%
NHL Teams New York Rangers
34%
NBA Teams Oklahoma City Thunder
34%
NBA Teams Phoenix Suns
34%
NHL Teams Pittsburgh Penguins
34%
NHL Teams San Jose Sharks
34%
MLB Teams Seattle Mariners
34%
MLB Teams Texas Rangers
34%
Major Wars The US has been involved in or that took place on American soil USA vs. Great Britain War of 1812
34%
National Parks Maine Acadia
31%
MLB Teams Atlanta Braves
31%
NBA Teams Brooklyn Nets
31%
NHL Teams Dallas Stars
31%
National Parks Montana Glacier
31%
NBA Teams Milwaukee Bucks
31%
NHL Teams Minnesota Wild
31%
NBA Teams New York Knicks
31%
NBA Teams Philadelphia 76ers
31%
NHL Teams St. Louis Blues
31%
Presidents 1913-1921, Republican Warren G. Harding
31%
Major Wars The US has been involved in or that took place on American soil Union vs. Confederacy American Civil War
29%
MLB Teams Arizona Diamondbacks
29%
NBA Teams Atlanta Hawks
29%
Presidents 1881-1885, Republican Chester A. Arthur
29%
NBA Teams Cleveland Cavaliers
29%
MLB Teams Colorado Rockies
29%
NBA Teams Houston Rockets
29%
NBA Teams Indiana Pacers
29%
MLB Teams Miami Marlins
29%
NHL Teams New Jersey Devils
29%
NBA Teams New Orleans Pelicans
29%
NHL Teams New York Islanders
29%
MLB Teams Philadelphia Phillies
29%
First 10 Amendments Second Right to bear arms
29%
Presidents 1877-1881, Republican Rutherford B. Hayes
29%
NBA Teams San Antonio Spurs
29%
NHL Teams Tampa Bay Lightning
29%
MLB Teams Tampa Bay Rays
29%
NHL Teams Vegas Golden Knights
29%
NHL Teams Anaheim Ducks
26%
National Parks South Dakota Badlands
26%
NHL Teams Boston Bruins
26%
NHL Teams Buffalo Sabres
26%
NHL Teams Columbus Blue Jackets
26%
National Parks Oregon Crater Lake
26%
NBA Teams Detroit Pistons
26%
NHL Teams Detroit Red Wings
26%
First 10 Amendments First Freedom of Speech
26%
MLB Teams Los Angeles Angels
26%
General Trivia Rochester, Minnesota is home to what world-famous medical facility? Mayo Clinic
26%
NBA Teams Memphis Grizzlies
26%
MLB Teams Milwaukee Brewers
26%
MLB Teams San Diego Padres
26%
NHL Teams Seattle Kraken
26%
NHL Teams Washington Capitals
26%
National Parks Utah Arches
23%
NHL Teams Arizona Coyotes
23%
50 Largest Cities 388,125 Arlington
23%
NBA Teams Charlotte Hornets
23%
NHL Teams Colorado Avalanche
23%
National Parks California/Nevada Death Valley
23%
National Parks California Joshua Tree
23%
MLB Teams Kansas City Royals
23%
NHL Teams Nashville Predators
23%
NHL Teams Philadelphia Flyers
23%
NBA Teams Portland Trail Blazers
23%
MLB Teams Washington Nationals
23%
NBA Teams Washington Wizards
23%
50 Largest Cities 389,965 Wichita
23%
National Parks Texas Big Bend
20%
National Parks Utah Bryce Canyon
20%
NHL Teams Carolina Hurricanes
20%
National Parks Ohio Cuyahoga Valley
20%
National Parks Missouri Gateway Arch
20%
National Parks Wyoming Grand Teton
20%
Major Wars The US has been involved in or that took place on American soil USA vs. Iraq Iraq War
20%
NBA Teams Los Angeles Clippers
20%
National Parks Washington Olympic
20%
National Parks Utah Canyonlands
17%
National Parks Florida Dry Tortugas
17%
National Parks North Carolina/Tennessee Great Smoky Mountains
17%
National Parks Hawaii Hawaii Volcanoes
17%
National Parks Arkansas Hot Springs
17%
National Parks Kentucky Mammoth Cave
17%
National Parks California Redwood
17%
National Parks Colorado Rocky Mountain
17%
National Parks New Mexico White Sands
17%
National Parks Alaska Gates of the Arctic
14%
National Parks Michigan Isle Royale
14%
National Parks California Kings Canyon
14%
National Parks Alaska Wrangell-St. Elias
14%
National Parks Florida Biscayne
11%
National Parks Utah Capitol Reef
11%
National Parks New Mexico Carlsbad Caverns
11%
National Parks California Channel Islands
11%
National Parks South Carolina Congaree
11%
National Parks Nevada Great Basin
11%
National Parks Texas Guadalupe Mountains
11%
National Parks Indiana Indiana Dunes
11%
National Parks Alaska Katmai
11%
National Parks Alaska Kenai Fjords
11%
National Parks Alaska Lake Clark
11%
National Parks California Lassen Volcanic
11%
National Parks Colorado Mesa Verde
11%
National Parks Washington Mount Rainier
11%
National Parks Other National Park of American Samoa
11%
National Parks Washington North Cascades
11%
First 10 Amendments Seventh Right to a jury trial
11%
National Parks California Sequoia
11%
National Parks Virginia Shenandoah
11%
National Parks Other Virgin Islands National Park
11%
Major Wars The US has been involved in or that took place on American soil USA vs. Taliban War in Afghanistan
11%
National Parks Colorado Black Canyon of the Gunnison
9%
General Trivia What was the first United States national monument? Devil's Tower
9%
National Parks Colorado Great Sand Dunes
9%
National Parks West Virginia New River Gorge
9%
National Parks Arizona Petrified Forest
9%
National Parks California Pinnacles
9%
National Parks Arizona Saguaro
9%
National Parks Minnesota Voyageurs
9%
National Parks South Dakota Wind Cave
9%
National Parks Alaska Glacier Bay
6%
National Parks Hawaii Haleakala
6%
National Parks Alaska Kobuk Valley
3%
First 10 Amendments Eighth No excessive bail or fines
3%
First 10 Amendments Third No Soldier should be quartered in times of peace
3%
General Trivia Which two countries were involved in the Louisiana Purchase? U.S. and France
3%
First 10 Amendments Tenth Any power that the constitution gives goes to the states
0%
First 10 Amendments Sixth A person has the right to be told what they are being charged with
0%
First 10 Amendments Fifth No person should be required to speak
0%
First 10 Amendments Fourth No unreasonable searches or seizures
0%
First 10 Amendments Ninth The Constitution does not include all of the rights of the people and the states
0%
No matching quizzes found
Score Distribution
Percent of People with Each Score
Percentile by Number Answered
Your Score History
You have not taken this quiz